01064nam a2200229 a 450000100100000000500170001000800410002704000250006810000510009324501090014426000420025330000210029550400320031651000390034858600730038759000750046060000370053565000250057270000410059795201790063899900170081700003472220240306073910.0111019s1956 cu 000 0 spa d aDO-SdBNPbspacBNPHU1 aPonte Domínguez, Francisco J.,d1906-96018110aPensamiento laico de José Martí /cFrancisco J. Ponte Domínguez ; prólogo de M. Isidro Méndez. aLa Habana :b"Modas Magazine",c1956. a158 p. ;c22 cm. aBibliografía: p. 147-151.1 aÍndice onomástico: p. 153-159. aPrimer Premio Certamen Literario del Ateneo Liberal Argentino, 1953. aPerteneció a la biblioteca personal de Juan Isidro Jimenes Grullón10aMartí, José,d1853-1895964524aEnsayo cubano9208531 aMéndez, M. Isidro,epról.934744 001050718RVaGRbGRcHDd2011-10-19iLF1l0o p34722-10r2020-06-25w2020-06-25y1zPerteneció a la biblioteca personal de Juan Isidro Jiménes GrullónZNo se presta c34213d34213